01160nam a2200229 a 450000100100000000500170001000800410002702000150006804000250008310000370010824502580014526000720040330000290047549000520050450400730055650000210062970000400065071000610069083000570075195201050080899900170091300004116020201002034652.0130920s2002 sp 001 0 spa d a8400081153 aDO-SdBNPbspacBNPHU1 aJaca, Francisco José de96770810aResolución sobre la libertad de los negros y sus originarios, en estado de paganos y después ya cristianos :bla primera condena de la esclavitud en el pensamiento hispano /cFrancisco José de Jaca ; edición crítica por Miguel Anxo González. aMadrid :bConsejo Superior de Investigaciones Científicas,c2002. a389 p. ;c25 cm.c25 cm.1 aCorpus Hispanorum de pace.aSegunda serie ;v11 aIncluye referencias bibliográficas y notas al pie de las páginas aIncluye índice1 aAnxo González, Migueleed.9677092 aConsejo Superior de Investigaciones Científicas,94786 0aCorpus Hispanorum de pace.pSegunda serien11967710 001050718MOaGRbGRcCTd2013-09-20iLF1l0o p41160-10r2020-06-25w2020-06-25y1ZNo se presta c40650d40650